[Event "WSTCC-50 2020"]
[Site "Prague"]
[Date "2020.03.06"]
[Round "1.40"]
[White "Vrana, Frantisek"]
[Black "Postupa, Pavel"]
[Result "1/2-1/2"]
[WhiteElo "2231"]
[BlackElo "2217"]
[Annotator "ChessBase"]
[PlyCount "98"]
[EventDate "2020.03.06"]
[EventType "team-tourn"]
[EventCountry "CZE"]
[SourceTitle "playchess.com"]
[Source "ChessBase"]
[SourceQuality "1"]
[TimeControl "40/5400+30:1800+30"]

1. e4 {[%emt 0:00:00]} e5 {[%emt 0:00:00]} 2. Nf3 {[%emt 0:00:00]} Nc6 {[%emt 0:00:05]} 3. Bb5 {[%emt 0:01:12]} Nf6 {[%emt 0:00:25]} 4. O-O {[%emt 0:03:12]} Nxe4 {[%emt 0:00:41]} 5. Re1 {[%emt 0:00:35]} Nd6 {[%emt 0:00:13]} 6. Nxe5 {[%emt 0:00:21]} Nxe5 {[%emt 0:01:38]} 7. Rxe5+ {[%emt 0:00:12]} Be7 {[%emt 0:00:01]} 8. Bf1 {[%emt 0:02:16]} O-O {[%emt 0:00:31]} 9. Nc3 {[%emt 0:01:43]} Bf6 {[%emt 0:01:11]} 10. Re1 {[%emt 0:01:48]} c6 {[%emt 0:00:58]} 11. d4 {[%emt 0:01:39]} Re8 {[%emt 0:02:15]} 12. Bf4 {[%emt 0:07:09]} Rxe1 {[%emt 0:14:51]} 13. Qxe1 {[%emt 0:00:05]} Ne8 {[%emt 0:00:16]} 14. d5 {[%emt 0:04:25]} d6 {[%emt 0:02:25]} 15. dxc6 {[%emt 0:03:29]} bxc6 {[%emt 0:00:08]} 16. Bd3 {[%emt 0:00:31]} g6 {[%emt 0:05:39]} 17. Rd1 {[%emt 0:04:19]} Be6 {[%emt 0:09:24]} 18. Be4 {[%emt 0:05:10]} d5 {[%emt 0:04:37]} 19. Na4 {[%emt 0:02:28]} Ng7 {[%emt 0:06:40]} 20. b3 {[%emt 0:08:10]} Qe7 {[%emt 0:08:15]} 21. Bf3 {[%emt 0:02:27]} Nf5 {[%emt 0:01:37]} 22. Be3 {[%emt 0:10:29]} Nxe3 {[%emt 0:02:18]} 23. Qxe3 {[%emt 0:00:15]} Bf5 {[%emt 0:01:40]} 24. Qd2 {[%emt 0:02:21]} Rd8 {[%emt 0:04:55]} 25. b4 {[%emt 0:03:32]} Bg5 {[%emt 0:04:37]} 26. Qc3 {[%emt 0:00:44]} d4 {[%emt 0:01:04]} 27. Qc4 {[%emt 0:05:54]} Be6 {[%emt 0:01:12]} 28. Qc5 {[%emt 0:01:06]} Qxc5 {[%emt 0:08:00]} 29. Nxc5 {[%emt 0:00:47]} Bf5 {[%emt 0:00:32]} 30. Be4 {[%emt 0:03:29]} Bxe4 {[%emt 0:01:08]} 31. Nxe4 {[%emt 0:00:03]} Be7 {[%emt 0:00:09]} 32. a3 {[%emt 0:13:12]} f5 {[%emt 0:03:12]} 33. Ng3 {[%emt 0:00:50]} a5 {[%emt 0:02:03]} 34. Ne2 {[%emt 0:01:38]} axb4 {[%emt 0:02:12]} 35. axb4 {[%emt 0:00:03]} Bf6 {[%emt 0:02:14]} 36. Kf1 {[%emt 0:05:13]} Rd5 {[%emt 0:01:47]} 37. Ke1 {[%emt 0:02:16]} Be7 {[%emt 0:01:02]} 38. Rxd4 {[%emt 0:00:32]} Rxd4 {[%emt 0:00:12]} 39. Nxd4 {[%emt 0:00:02]} Bxb4+ {[%emt 0:00:01]} 40. Ke2 {[%emt 0:00:00]} c5 {[%emt 0:00:00]} 41. Nc6 {[%emt 0:00:36]} Bc3 {[%emt 0:01:43]} 42. Kd3 {[%emt 0:00:15]} Be1 {[%emt 0:00:02]} 43. f3 {[%emt 0:00:29]} h5 {[%emt 0:00:50]} 44. Kc4 {[%emt 0:00:24]} Bf2 {[%emt 0:00:01]} 45. Ne5 {[%emt 0:00:54]} Kg7 {[%emt 0:00:09]} 46. Nd3 {[%emt 0:00:04]} Bg1 {[%emt 0:00:15]} 47. h3 {[%emt 0:00:09]} Kf6 {[%emt 0:01:01]} 48. Nxc5 {[%emt 0:05:08]} Kg5 49. Ne6+ Kh4 1/2-1/2

[Event "WSTCC-50 2020"]
[Site "Prague"]
[Date "2020.03.06"]
[Round "1.41"]
[White "Sokolin, Leonid"]
[Black "Ungure, Liga"]
[Result "1-0"]
[WhiteElo "2496"]
[BlackElo "1923"]
[Annotator "TA"]
[PlyCount "131"]
[EventDate "2020.03.06"]
[EventType "team-tourn"]
[EventCountry "CZE"]
[SourceTitle "playchess.com"]
[Source "ChessBase"]
[SourceQuality "1"]

{[%evp 15,131,0,0,0,6,0,12,6,25,6,75,75,67,72,84,58,50,27,27,31,36,30,33,23,27,0,0,0,0,0,-1,0,20,25,33,27,46,43,64,64,67,71,66,50,45,49,65,15,15,17,14,15,33,31,25,14,28,24,52,0,0,-38,0,0,0,0,8,6,23,23,30,25,28,23,23,20,14,8,21,10,20,8,15,10,9,12,42,8,28,28,23,0,4,3,48,23,75,51,50,12,15,8,8,0,0,0,8,18,51,74,202,197,201,198,204,60,305,302]} 1. e4 c5 2. Nf3 e6 3. d4 cxd4 4. Nxd4 Nf6 5. Bd3 Nc6 6. Nxc6 bxc6 7. c4 e5 8. O-O Bc5 9. Nd2 {B40: Sicilian: 2...e6, Unusual lines.} a5 10. Nb3 Ba7 11. a4 {The position is equal.} d6 {[#]} 12. c5 $146 ({Predecessor:} 12. Bd2 Ng4 13. h3 h5 14. hxg4 hxg4 15. g3 Be6 16. Kg2 Qf6 17. Nxa5 Rh3 18. f4 {1-0 (31) Quezada,F (1829)-Cristobal,M (2253) Mar del Plata 2017}) 12... Bxc5 (12... O-O $11) 13. Nxc5 $16 dxc5 14. Be3 Nd7 15. Qg4 O-O 16. Rad1 Qe7 17. Qg3 Ba6 18. Bxa6 Rxa6 19. Bh6 {[%csl Gh6][%cal Rg3g7] [#]} f6 $1 20. Qb3+ (20. Bxg7 {is more complex.} Qxg7 21. Rxd7 Qxg3 22. hxg3 c4 23. Rd6) 20... Qf7 21. Qb7 Nb8 $1 22. Qxf7+ Rxf7 23. Be3 $36 {[%mdl 2048] And now Rd8+ would win. Black is under pressure.} Rd7 (23... Nd7 {keeps more tension.} 24. Rd6 Rb6 25. g3 Rxb2 26. Rxc6 Nb6) 24. Bxc5 Kf7 25. f3 Ke6 26. Kf2 Ra8 27. Ke2 Na6 {Threatens to win with ...Rxd1.} 28. Rxd7 Kxd7 $14 {[%mdl 4096] Endgame KRB-KRN} 29. Rd1+ $1 Kc7 30. Bd6+ Kb6 31. f4 Nc5 32. fxe5 Nxe4 33. exf6 Nxf6 34. Rd3 Re8+ 35. Kf3 Nd5 36. Rb3+ Ka6 37. h4 ({White should try} 37. Rb8 $14 Rxb8 38. Bxb8) 37... Re6 $11 38. Bg3 h5 39. Rd3 g6 40. Bf2 Rf6+ 41. Kg3 Rf4 42. Rd4 Rf5 43. Re4 g5 44. hxg5 Rxg5+ 45. Kh3 Rf5 46. Bd4 Nf4+ 47. Kg3 Nd3 48. Re7 {[%csl Gd4][%cal Re7a7]} c5 49. Bc3 Rg5+ 50. Kf3 Rg4 51. Re4 Rg6 52. Rh4 Rg5 53. g3 Kb6 54. Re4 Rg6 55. Re7 Rg4 (55... c4 $11 {keeps the balance.}) 56. Re6+ (56. Re3 $5 {[%cal Re3d3]} Nb4 57. Re6+ Nc6 58. Bxa5+ Kb7 59. Bc3 $14) 56... Kb7 57. Re4 (57. Bxa5 {looks sharper.} Rxa4 58. Bc3 h4 59. Rd6 Nxb2 60. Bxb2 hxg3 61. Kxg3 Ra6 62. Rd5) 57... Rg5 58. Re7+ Kc6 59. Ra7 c4 60. Bd4 Nb4 61. Be3 Rd5 62. Ke4 Rd1 (62... Rd8 $16) 63. Rxa5 $18 Re1 {[#]} 64. Kf3 $1 ({Stronger than} 64. Rxh5 Nc2 $11) 64... Nd3 65. Bd4 ({White must play} 65. Rxh5 $18 {Hoping for a5.} Nxb2 66. a5) 65... Rb1 $2 (65... Rf1+ $14 66. Ke3 Re1+ 67. Kf3 Rf1+ 68. Ke4 Re1+ 69. Kf3) 66. Rxh5 {Accuracy: White = 79%, Black = 77%.} 1-0

[Event "WSTCC-50 2020"]
[Site "Prague"]
[Date "2020.03.06"]
[Round "1.42"]
[White "Goldmane, Astra"]
[Black "Dolgitser, Konstantin"]
[Result "1/2-1/2"]
[WhiteElo "2015"]
[BlackElo "2232"]
[Annotator "ChessBase"]
[PlyCount "59"]
[EventDate "2020.03.06"]
[EventType "team-tourn"]
[EventCountry "CZE"]
[SourceTitle "playchess.com"]
[Source "ChessBase"]
[SourceQuality "1"]
[TimeControl "40/5400+30:1800+30"]

1. e4 c5 2. c3 Nf6 3. e5 Nd5 4. d4 cxd4 5. Nf3 Nc6 6. cxd4 d6 7. Bc4 e6 8. O-O Be7 9. exd6 Bxd6 10. Nc3 Nxc3 11. bxc3 O-O 12. Bd3 h6 13. Bd2 e5 14. Be4 Bg4 15. h3 Bxf3 16. Qxf3 exd4 17. Bxc6 bxc6 18. cxd4 Rc8 19. Rfd1 Bc7 20. Bb4 Re8 21. Rac1 Qd7 22. Bc5 Bb6 23. Rd3 Red8 24. Rdc3 Bxc5 25. Rxc5 Qxd4 26. Rxc6 Rxc6 27. Qxc6 Qd2 28. Qc2 Qf4 29. Rd1 Rxd1+ {Qf5} 30. Qxd1 1/2-1/2

[Event "WSTCC-50 2020"]
[Site "Prague"]
[Date "2020.03.06"]
[Round "1.43"]
[White "Koganov, Mikhail"]
[Black "Harlinska, Sandra"]
[Result "1/2-1/2"]
[WhiteElo "2085"]
[BlackElo "1817"]
[Annotator "ChessBase"]
[PlyCount "57"]
[EventDate "2020.03.06"]
[EventType "team-tourn"]
[EventCountry "CZE"]
[SourceTitle "playchess.com"]
[Source "ChessBase"]
[SourceQuality "1"]
[TimeControl "40/5400+30:1800+30"]

1. Nf3 {[%emt 0:00:06]} Nf6 {[%emt 0:00:00]} 2. c4 {[%emt 0:00:31]} g6 {[%emt 0:00:00]} 3. Nc3 {[%emt 0:01:53]} d5 {[%emt 0:01:03]} 4. cxd5 {[%emt 0:05:12]} Nxd5 {[%emt 0:00:06]} 5. Qa4+ {[%emt 0:00:20]} c6 {[%emt 0:19:07]} 6. Qd4 {[%emt 0:01:27]} Nf6 {[%emt 0:00:13]} 7. Qxd8+ {[%emt 0:01:08]} Kxd8 {[%emt 0:00:02]} 8. e4 {[%emt 0:01:12]} Nbd7 {[%emt 0:02:19]} 9. Bc4 {[%emt 0:01:05]} e6 {[%emt 0:01:43]} 10. O-O {[%emt 0:10:44]} b5 {[%emt 0:05:03]} 11. Bb3 {[%emt 0:03:16]} b4 {[%emt 0:05:04]} 12. e5 {[%emt 0:00:51]} Ng4 {[%emt 0:06:36]} 13. Ne4 {[%emt 0:01:00]} Ngxe5 {[%emt 0:01:02]} 14. Nxe5 {[%emt 0:03:06]} Nxe5 {[%emt 0:00:12]} 15. d4 {[%emt 0:00:49]} Nd7 {[%emt 0:01:12]} 16. Bg5+ {[%emt 0:00:59]} Be7 {[%emt 0:07:58]} 17. Rfc1 {[%emt 0:01:10]} h6 {[%emt 0:08:57]} 18. Bf4 {[%emt 0:06:23]} g5 {[%emt 0:07:48]} 19. Be3 {[%emt 0:08:51]} Nb6 {[%emt 0:07:25]} 20. Nc5 {[%emt 0:02:48]} Bd7 {[%emt 0:09:06]} 21. Nd3 {[%emt 0:01:05]} f6 {[%emt 0:00:39]} 22. Nc5 {[%emt 0:13:08]} Bxc5 {[%emt 0:00:11]} 23. Rxc5 {[%emt 0:01:38]} a5 {[%emt 0:01:35]} 24. Rac1 {[%emt 0:02:24]} Ke7 {[%emt 0:00:47]} 25. Kf1 {[%emt 0:01:32]} Rhd8 {[%emt 0:05:21]} 26. Bd1 {[%emt 0:03:04]} Be8 {[%emt 0:01:58]} 27. Bf3 {[%emt 0:03:55]} Nd5 {[%emt 0:00:09]} 28. Bxd5 {[%emt 0:02:40]} Rxd5 {[%emt 0:00:22]} 29. Rxd5 {[%emt 0:00:32]} 1/2-1/2

[Event "WSTCC-50 2020"]
[Site "Prague"]
[Date "2020.03.06"]
[Round "1.45"]
[White "Nudcenko, Karel"]
[Black "Matveeva, Svetlana"]
[Result "0-1"]
[WhiteElo "2004"]
[BlackElo "2375"]
[Annotator "TA"]
[PlyCount "82"]
[EventDate "2020.03.06"]
[EventType "team-tourn"]
[EventCountry "CZE"]
[SourceTitle "playchess.com"]
[Source "ChessBase"]
[SourceQuality "1"]

{[%evp 9,82,30,46,37,57,60,61,41,53,48,50,38,79,75,104,88,102,99,97,75,102,56,56,42,50,45,44,4,16,-38,-33,-20,-18,-58,-30,-193,-201,-258,-252,-232,-97,-102,-96,-88,-35,-20,-30,-74,-73,-78,-79,-111,-76,-93,-104,-104,-95,-133,-146,-142,-122,-130,-115,-167,-166,-163,-163,-148,-148,-170,-166,-281,-277,-272,-256]} 1. e4 g6 2. d4 Bg7 3. Be3 Nf6 4. f3 d6 5. Nc3 a6 6. Qd2 {B07: Pirc Defence: Miscellaneous Systems.} Nc6 7. O-O-O h5 8. h4 {White is slightly better.} e5 9. d5 Ne7 10. Nh3 Bxh3 11. Rxh3 Qd7 12. g3 {[#]} Nh7 $146 ({Predecessor:} 12... b5 13. Rh2 Qc8 14. Kb1 Qb7 15. Qd3 Nc8 16. Bh3 Nb6 17. f4 Nc4 18. Bc1 Nd7 19. Bxd7+ Kxd7 {1-0 (36) Madl,I (2329)-Parkanyi,A (2273) Hungary 2013}) 13. Rh2 f5 14. Bh3 Nf6 15. Bg5 O-O-O 16. Rg1 Kb8 17. Kb1 Rdf8 18. Qe2 Bh6 19. f4 (19. Bxh6 $11 Rxh6 20. Rf1) 19... exf4 $15 20. gxf4 Ng4 21. Bxg4 fxg4 22. e5 $2 {[#]} (22. Bxh6 $11 Rxh6 23. Qe3) 22... dxe5 $1 $19 23. Qxe5 Nf5 {Hoping for ...Re8.} 24. Bxh6 Rxh6 (24... Re8 $19 {is more deadly.} 25. Qf6 Rxh6) 25. Ne4 $17 {[%cal Bc3e4,Be4c5,Bc5e6][%mdl 32]} Rhh8 26. Nc5 Qb5 (26... Qf7 $17) 27. Ne6 $15 Qb6 28. Re1 Re8 29. Qf6 Rhg8 $40 {[%mdl 128] Black attacks with force.} 30. c4 Qb4 31. Rc1 Qe7 32. Qe5 Qd6 33. Rc3 Qxe5 34. fxe5 {[#]} Rxe6 $1 {[%mdl 512]} 35. dxe6 $17 {[%mdl 4096] Endgame KRR-KRN} Re8 36. Rd3 (36. Rcc2 $17) 36... Rxe6 $19 37. Rd8+ Ka7 38. Rg8 g3 ({Of course not} 38... Rxe5 $6 39. Rxg6 Re1+ 40. Kc2 $15) 39. Rg2 Rxe5 {aiming for ...Re1+.} 40. Kc1 (40. Rg1 {might work better.}) 40... Re4 41. Rxg6 {Threatening Rg5.} Nxh4 {Accuracy: White = 60%, Black = 80%.} 0-1

[Event "WSTCC-50 2020"]
[Site "Prague"]
[Date "2020.03.06"]
[Round "1.46"]
[White "Grabuzova, Tatiana"]
[Black "Bazantova, Marie"]
[Result "1-0"]
[WhiteElo "2272"]
[BlackElo "1925"]
[Annotator "TA"]
[PlyCount "181"]
[EventDate "2020.03.06"]
[EventType "team-tourn"]
[EventCountry "CZE"]
[SourceTitle "playchess.com"]
[Source "ChessBase"]
[SourceQuality "1"]

{[%evp 9,181,22,22,-22,84,75,70,90,72,17,15,29,30,23,38,37,77,13,21,27,25,20,16,18,17,16,11,0,0,-15,5,4,6,11,6,0,28,22,39,31,38,36,131,118,194,204,210,208,255,267,266,268,264,241,234,222,322,129,206,206,430,405,843,843,29996,104,29996,154,325,216,223,35,181,147,170,155,149,0,0,0,154,171,278,54,62,53,91,91,91,91,97,22,23,25,25,25,91,91,91,91,98,91,100,85,84,82,81,87,101,66,95,93,79,26,26,27,98,90,98,98,114,99,114,105,107,91,91,91,104,104,106,102,110,112,181,147,122,0,175,175,170,164,273,272,256,0,0,0,0,0,213,203,259,113,100,0,260,260,264,262,436,329,329,329,749,777,720,696,29985,29981,29981,29982,29986,29987]} 1. d4 d5 2. c4 e6 3. Nc3 c5 4. cxd5 exd5 5. dxc5 d4 6. Na4 {D32: Tarrasch Defence: Sidelines and lines without g3.} Bxc5 (6... b5 $11 7. e3 bxa4 8. exd4 Nf6) 7. Nxc5 $16 Qa5+ 8. Bd2 {White is slightly better.} Qxc5 {[#]} 9. e3 $146 (9. Rc1 $16 Qf5 10. Nf3) ({Predecessor:} 9. Rc1 Qf5 10. Qa4+ Nc6 11. Nf3 Qd5 12. b4 b5 13. Qa3 Nge7 14. e3 dxe3 15. fxe3 {½-½ (38) Maksimenko,A (2523)-Kosic,D (2542) Kallithea 2002}) 9... dxe3 $11 10. Bxe3 Qb4+ 11. Bd2 Qe7+ 12. Be2 Bd7 13. Qb3 (13. Nf3 $16) 13... Nc6 14. Nf3 Be6 15. Qa4 Bd5 16. O-O Nf6 $1 ({But not} 16... Qxe2 $2 17. Rfe1 $18) 17. Rfe1 {Black must now prevent Bc4.} O-O 18. Bg5 h6 19. Bb5 Qd6 20. Bf4 $36 {[%mdl 2048] White fights for an advantage.} Qd8 21. Rad1 a6 22. Bf1 b5 23. Qa3 Qb6 24. Ne5 Rad8 25. Nxc6 Qxc6 (25... Bxc6 $14 26. Rxd8 Rxd8) 26. Rc1 $1 $16 {[%cal Rc1c6]} Qa8 (26... Qd7 $16) 27. Bd6 $1 $18 Rfe8 28. Be7 $1 Rc8 29. Bxf6 $1 gxf6 30. Qg3+ Kh8 31. Qf4 Kg7 32. Qg4+ Kh8 (32... Kf8 $142 33. Qh5 Re6 34. Qxh6+ Ke7) 33. Qf5 (33. Qh5 $18 {and White stays clearly on top.} Kg7 34. Rxc8 Rxc8 35. Qg4+ Kh8 36. Qf4) 33... Kg7 (33... Rxc1 $16 34. Qxf6+ (34. Rxc1 Re6 $16) 34... Kg8 $1 {[%mdl 512]} 35. Rxc1 Re6) 34. Bd3 {Threatening mate with Qh7+.} Rxe1+ $2 (34... Be4 {was called for.} 35. Qg4+ (35. Bxe4 Qxe4 36. Qxe4 Rxe4 $11) 35... Bg6) 35. Rxe1 {White wants to mate with Qh7+.} Rh8 (35... Be6 $142 36. Qh7+ Kf8) 36. Re3 Qc6 37. Bc2 $2 (37. Qg4+ Kf8 38. Qb4+ Qc5 39. Qxc5+ Kg8 40. Rg3#) 37... b4 $2 {[%mdl 8192]} (37... Kf8 $16) 38. b3 $2 (38. Qg4+ {mates} Kf8 39. Qxb4+ Qc5 40. Qxc5+ Kg8 41. Rg3#) 38... a5 $2 (38... Kf8 $16 {might work better.} 39. Bd3 Rg8) 39. h4 Kf8 40. Rg3 $2 (40. Qf4 $18 {Intending Qb8+ and mate.} Qxc2 41. Qd6+ {[%mdl 64] Double Attack} Kg7 42. Qxd5) 40... Qe6 ({Black should play} 40... Rg8 $1 $14) 41. Qf4 Qe1+ 42. Kh2 Qe5 43. Qg4 (43. Qd2 $1 $16 {Threatens to win with f4.} Bc6 44. Kg1) 43... Ke7 $11 44. f4 Qd4 $2 (44... Qe1 $11) 45. Rd3 $16 Qc5 (45... Qe4 $142) 46. Qf5 $2 ({Only move:} 46. Qe2+ $1 $18 Kf8 47. Qh5) 46... Rd8 $14 47. Rd2 Qc6 {Threatening ...Be6.} 48. Re2+ Be6 {White should prevent ...Rd2.} 49. Qxa5 Qd6 50. g3 (50. Qf5 $16) 50... Kf8 $11 51. Qh5 Kg7 52. Qf3 Rc8 (52... f5 $11) 53. Qd3 $16 Qxd3 54. Bxd3 {[%mdl 4096] Endgame KRB-KRB} Rc1 55. Be4 Bg4 56. Rc2 Re1 57. Bb7 (57. Bc6 {seems wilder.} Bf5 58. Rd2 Rc1 59. Bf3 Rc3 60. Kg2) 57... Bf5 58. Rd2 Bb1 59. Rb2 Bf5 60. Kg2 Rc1 61. Kf3 (61. Bf3 $16) 61... Rc3+ $11 62. Kf2 Kf8 (62... Bc2 $11 {remains equal.}) 63. Re2 Bg4 64. Rd2 Bf5 65. Bf3 Be6 66. Be4 {Strongly threatening f5.} f5 67. Bd3 Ke7 68. Ke2 f6 69. Ke3 Rc1 70. Kd4 Kd6 71. Bc4 Bd7 (71... Re1 $16) 72. Ke3+ Ke7 73. Kd4 (73. Rd5 $16) 73... Kd6 $1 $18 74. a3 bxa3 {[#]} 75. Ra2 $1 Rg1 (75... Rd1+ $142 76. Ke3 Be6) 76. Rxa3 Rxg3 77. Be2 $2 (77. Ra6+ $18 Ke7 78. Kc5) 77... Bc6 $11 78. Kc4 Bd5+ 79. Kb4 Bc6 $2 (79... Re3 $11 {and Black is okay.} 80. Ra6+ Ke7 81. Ra7+ Kd6 82. Ra6+ Ke7 83. Ra7+ Kd6 84. Ra6+) 80. Ra6 $18 {aiming for Bb5.} Kc7 81. Ra7+ (81. Bc4 $18) 81... Kd6 $16 {[#]} 82. Ra6 $2 (82. Bc4 $1 $16) 82... Kc7 $18 83. Bc4 Rf3 84. Kc5 Bb7 $2 (84... Be4 85. Rxf6 h5 86. Rf7+ Kb8 87. Rf8+ Kc7) 85. Rxf6 {And now Rf7+ would win.} Rxf4 86. Rxh6 Rg4 $2 (86... Bf3 87. Rh7+ Kb8) 87. Rh7+ Kb8 88. h5 f4 89. Kb6 {White mates.} Bc8 {[#]} 90. Rh8 $1 Rg7 91. Ba6 {Accuracy: White = 70%, Black = 50%.} 1-0

[Event "WSTCC-50 2020"]
[Site "Prague"]
[Date "2020.03.06"]
[Round "1.47"]
[White "Koblasa, Josef"]
[Black "Yakimenko, Alexander A."]
[Result "1/2-1/2"]
[WhiteElo "1938"]
[BlackElo "2149"]
[Annotator "ChessBase"]
[PlyCount "93"]
[EventDate "2020.03.06"]
[EventType "team-tourn"]
[EventCountry "CZE"]
[SourceTitle "playchess.com"]
[Source "ChessBase"]
[SourceQuality "1"]
[TimeControl "40/5400+30:1800+30"]

1. c4 e5 2. Nc3 Nc6 3. g3 g6 4. Bg2 Bg7 5. e4 d6 6. d3 Nd4 7. Nge2 Bg4 8. h3 Bf3 9. Kf1 Bxg2+ 10. Kxg2 Nxe2 11. Qxe2 Qd7 12. Be3 Ne7 13. Qd2 O-O 14. Bh6 f5 15. Bxg7 Kxg7 16. f3 Nc6 17. Raf1 Rf7 18. Rf2 Raf8 19. Rhf1 f4 20. g4 Qe7 21. Kh2 Nd4 22. Rg2 g5 23. Qf2 Rh8 24. Rh1 h5 25. Kg1 Kf8 26. Ne2 Ne6 27. d4 Rfh7 28. Rgh2 Qg7 29. d5 Nd4 30. Nc3 a6 31. Qg2 Qd7 32. Ne2 hxg4 33. hxg4 Rxh2 34. Rxh2 Rxh2 35. Kxh2 Qh7+ 36. Kg1 Qh4 37. Qf2 Qh3 38. Nxd4 exd4 39. Qxd4 Qg3+ 40. Kf1 Qxf3+ 41. Ke1 Kf7 42. e5 Qg3+ 43. Kd2 Qg2+ 44. Kc3 Qg3+ 45. Kd2 Qg2+ 46. Kc3 Qg3+ 47. Kd2 1/2-1/2

[Event "WSTCC-50 2020"]
[Site "Prague"]
[Date "2020.03.06"]
[Round "1.48"]
[White "Chudinovskikh, Alexander M"]
[Black "Kozak, Karel"]
[Result "1-0"]
[WhiteElo "2139"]
[BlackElo "1856"]
[Annotator "ChessBase"]
[PlyCount "69"]
[EventDate "2020.03.06"]
[EventType "team-tourn"]
[EventCountry "CZE"]
[SourceTitle "playchess.com"]
[Source "ChessBase"]
[SourceQuality "1"]
[TimeControl "40/5400+30:1800+30"]

1. e4 {[%emt 0:00:00]} d6 {[%emt 0:00:00]} 2. d4 {[%emt 0:00:00]} g6 {[%emt 0:00:00]} 3. Nc3 {[%emt 0:00:00]} Bg7 {[%emt 0:00:06]} 4. f4 {[%emt 0:00:13]} Nf6 {[%emt 0:00:31]} 5. Bd3 {[%emt 0:00:17]} O-O {[%emt 0:00:26]} 6. Nf3 {[%emt 0:00:19]} c6 {[%emt 0:02:14]} 7. O-O {[%emt 0:00:24]} b5 {[%emt 0:03:23]} 8. a3 {[%emt 0:00:29]} Qb6 {[%emt 0:03:17]} 9. Kh1 {[%emt 0:02:35]} a5 {[%emt 0:06:20]} 10. Qe1 {[%emt 0:02:06]} Bb7 {[%emt 0:07:12]} 11. Qh4 {[%emt 0:00:20]} b4 {[%emt 0:10:27]} 12. Ne2 {[%emt 0:04:54]} c5 {[%emt 0:06:54]} 13. e5 {[%emt 0:00:20]} Ne8 {[%emt 0:07:20]} 14. e6 {[%emt 0:02:06]} f5 {[%emt 0:06:37]} 15. dxc5 {[%emt 0:06:15]} dxc5 {[%emt 0:01:21]} 16. Ne5 {[%emt 0:01:46]} Nf6 {[%emt 0:00:48]} 17. Be3 {[%emt 0:00:37]} Qc7 {[%emt 0:03:08]} 18. Rad1 {[%emt 0:04:42]} Bd5 {[%emt 0:02:27]} 19. Bc4 {[%emt 0:01:02]} Bxc4 {[%emt 0:01:05]} 20. Nxc4 {[%emt 0:00:02]} Ra6 {[%emt 0:00:27]} 21. Nc1 {[%emt 0:05:08]} Rxe6 {[%emt 0:01:31]} 22. Rd3 {[%emt 0:01:38]} Ng4 {[%emt 0:02:42]} 23. Bg1 {[%emt 0:00:42]} Re4 {[%emt 0:00:57]} 24. b3 {[%emt 0:03:02]} Rxf4 {[%emt 0:01:44]} 25. Rxf4 {[%emt 0:01:29]} Qxf4 {[%emt 0:00:52]} 26. Ne2 {[%emt 0:00:40]} Qf1 {[%emt 0:01:59]} 27. Rd2 {[%emt 0:03:00]} Bf6 {[%emt 0:00:42]} 28. Qg3 {[%emt 0:00:52]} Bg5 {[%emt 0:01:06]} 29. Rd3 {[%emt 0:05:30]} Qxe2 {[%emt 0:02:50]} 30. h3 {[%emt 0:00:00]} Qxc2 {[%emt 0:03:34]} 31. hxg4 {[%emt 0:00:13]} fxg4 {[%emt 0:01:18]} 32. Rd5 {[%emt 0:01:22]} Bf4 {[%emt 0:01:31]} 33. Qxg4 {[%emt 0:04:14]} Qxb3 {[%emt 0:04:16]} 34. Qe6+ {[%emt 0:03:55]} Rf7 35. Ne5 {[%emt 0:02:05]} 1-0

[Event "WSTCC-50 2020"]
[Site "Prague"]
[Date "2020.03.07"]
[Round "2.1"]
[White "Strutinskaia, Galina"]
[Black "Shabalov, Alexander"]
[Result "0-1"]
[WhiteElo "2214"]
[BlackElo "2524"]
[Annotator "TA"]
[PlyCount "92"]
[EventDate "2020.03.06"]
[EventType "team-tourn"]
[EventCountry "CZE"]
[SourceTitle "playchess.com"]
[Source "ChessBase"]
[SourceQuality "1"]

{[%evp 20,92,39,44,44,15,27,8,10,0,0,0,0,0,13,-6,0,-44,-44,-45,-60,-46,-54,-109,-93,-108,-99,-86,-66,-129,-132,-135,-125,-131,-126,-133,-125,-133,-131,-127,-127,-217,-213,-223,-221,-222,-173,-248,-245,-243,-238,-327,-332,-307,-294,-506,-502,-469,-462,-513,-442,-743,-710,-1288,-1256,-29977,-29981,-29981,-29982,-29982,-29983,-29984,-12844,-12845,-12843]} 1. d4 Nf6 2. g3 c5 3. d5 e6 4. c4 exd5 5. cxd5 d6 6. Bg2 g6 7. Nc3 Bg7 8. Nf3 O-O 9. O-O Na6 10. Re1 Nc7 11. a4 Re8 {A62: Modern Benoni: Fianchetto Variation without early ...Nbd7.} 12. Nd2 b6 13. Nc4 Ba6 {The position is equal.} 14. Na3 Ng4 15. h3 Ne5 16. Bd2 f5 17. Rb1 {[#]} Qd7 $146 ({Predecessor:} 17... Rb8 18. Qc1 Qd7 19. b4 cxb4 20. Rxb4 Rbc8 21. Qb1 Re7 22. Ncb5 Bxb5 23. axb5 Ne8 {1-0 (63) Abolina,A-Truta,S (2265) Groningen 1994}) 18. f4 Nc4 $36 {[%mdl 2048] Black has the initiative.} 19. Nxc4 Bxc4 20. b3 Ba6 21. Bf3 ({Better is} 21. Qc2 $15) 21... Qf7 $17 22. Qc2 Bb7 {[%cal Rc7d5]} 23. e4 Rad8 24. Kh2 (24. exf5 $15 gxf5 25. Qd3) 24... fxe4 25. Nxe4 Bxd5 ({Resist} 25... Nxd5 26. Ng5 $15) 26. Ng5 Qf5 27. Qxf5 gxf5 28. Bxd5+ Nxd5 29. Ne6 Rd7 30. Nxg7 (30. g4 $17) 30... Rxe1 $19 31. Bxe1 Kxg7 $17 {[%mdl 4096] Endgame KRB-KRN} 32. Rd1 Ne7 33. g4 (33. Kg2 {keeps fighting.}) 33... d5 $19 34. Kg3 d4 35. h4 Nd5 36. Bd2 Re7 37. h5 $2 {[#]} (37. g5) 37... Ne3 38. Re1 fxg4 39. Rh1 h6 40. Rc1 (40. Rb1 $142) 40... Kf6 41. b4 c4 42. Bxe3 dxe3 43. Kxg4 e2 44. Re1 c3 45. Kf3 c2 46. Kf2 Re4 {Accuracy: White = 45%, Black = 96%.} 0-1